El problema de la planificación escolar: análisis de nuestra realidad educacional primaria a la luz de la planificación escolar

Saved in:
Bibliographic Details
Main Author: Rurange Villalobos, Héctor de (Author)
Format: Book
Language:Spanish
Published: Santiago Héctor de Rurange Villalobos 1960
Subjects:
Tags: Add Tag
No Tags, Be the first to tag this record!

MARC

LEADER 00000nam a2200000 a 4500
001 UCU0919
003 CL-VaPUC
008 960329e19600000CL |||||||||||||||||spa|d
082 0 4 |a 375.001  |b RUR  |2 21 
100 0 |a Rurange Villalobos, Héctor de  |e author  |9 356416 
245 1 3 |a El problema de la planificación escolar: análisis de nuestra realidad educacional primaria a la luz de la planificación escolar 
300 |a 211 p 
942 |c BK 
945 |d 19960329 00:00:00  |a cmena 
260 |a Santiago  |b Héctor de Rurange Villalobos  |c 1960 
650 0 |a Planificación de la educación   |9 307333 
650 0 |a Planificación del currículo  |9 269599 
650 0 |a Currículo  |9 307290 
583 |a last modification  |c 19960329 00:00:00  |k Rodrigo Vera 
999 |c 245697  |d 245695 
952 |0 0  |1 0  |4 0  |6 375_001000000000000_RUR_1960  |7 0  |8 P  |9 260286  |a BIBEDU  |b BIBEDU  |c BIBEDU_PB  |d 2019-11-19  |i 163562K  |o 375.001 RUR 1960  |p 163562K  |r 2024-01-25  |w 2019-11-19  |y BK  |k EDU